Serenade for strings, op. 20 (Record no. 133049)
[ view plain ]
| 000 -LEADER | |
|---|---|
| fixed length control field | 01560cam9a220032501 4500 |
| 001 - CONTROL NUMBER | |
| control field | tmp15765577 |
| 003 - CONTROL NUMBER IDENTIFIER | |
| control field | UPRA |
| 005 - DATE AND TIME OF LATEST TRANSACTION | |
| control field | 20190822112450.0 |
| 007 - PHYSICAL DESCRIPTION FIXED FIELD--GENERAL INFORMATION | |
| fixed length control field | sdubmmennuuune |
| 008 - FIXED-LENGTH DATA ELEMENTS--GENERAL INFORMATION | |
| fixed length control field | 951024s1957 enk u |
| 028 02 - PUBLISHER OR DISTRIBUTOR NUMBER | |
| Publisher or distributor number | ALP 1464 H.M.V. |
| Source | ALP 1464 H.M.V. |
| 035 ## - SYSTEM CONTROL NUMBER | |
| System control number | (Sirsi) r51202 |
| 035 ## - SYSTEM CONTROL NUMBER | |
| System control number | (UPRA)tmp15765577 |
| 040 ## - CATALOGING SOURCE | |
| Transcribing agency | UPRA |
| 041 0# - LANGUAGE CODE | |
| Language code of accompanying material other than librettos | eng |
| 100 1# - MAIN ENTRY--PERSONAL NAME | |
| Personal name | Elgar, Edward, 1857-1934. |
| Dates associated with a name | Elgar, Edward, 1857-1934. |
| Linkage | A9153.1 |
| 240 ## - UNIFORM TITLE | |
| Uniform title | 10a26.1..1.9 m26.1..11.17 n26.1..29.7 r26.1..37.8 |
| Medium | Sound recording |
| 245 10 - TITLE STATEMENT | |
| Title | Serenade for strings, op. 20 |
| Medium | [sound recording]. |
| 260 ## - PUBLICATION, DISTRIBUTION, ETC. | |
| Place of publication, distribution, etc. | Hayes, Middlesex : |
| Name of publisher, distributor, etc. | H.M.V., |
| Date of publication, distribution, etc. | [1957] |
| 500 ## - GENERAL NOTE | |
| General note | Sleeve notes by Burnett James. |
| 501 ## - WITH NOTE | |
| With note | With: Elgar, Sir E.W., "Enigma" variations, op. 36 and "Cockaigne" overture, op. 40. |
| 511 0# - PARTICIPANT OR PERFORMER NOTE | |
| Participant or performer note | The London Philharmonic Orchestra conducted by Sir Edward Elgar recorded on August 29, 1933. |
| 650 #0 - SUBJECT ADDED ENTRY--TOPICAL TERM | |
| Topical term or geographic name entry element | Symphonies. |
| Linkage | S6145.1 |
| 650 #0 - SUBJECT ADDED ENTRY--TOPICAL TERM | |
| Topical term or geographic name entry element | Suites (String orchestra) |
| Linkage | S6166.1 |
| 700 1# - ADDED ENTRY--PERSONAL NAME | |
| Personal name | Elgar, E. W., Sir. "Enigma" variations, op. 36. |
| Titles and other words associated with a name | Elgar, E. W., Sir. "Enigma" variations, op. 36. |
| Title of a work | Elgar, E. W., Sir. "Enigma" variations, op. 36. |
| Number of part/section of a work | Elgar, E. W., Sir. "Enigma" variations, op. 36. |
| Linkage | A9154.1 |
| 700 1# - ADDED ENTRY--PERSONAL NAME | |
| Personal name | Elgar, E. W., Sir. "Cockaigne" overture, op. 40. |
| Titles and other words associated with a name | Elgar, E. W., Sir. "Cockaigne" overture, op. 40. |
| Title of a work | Elgar, E. W., Sir. "Cockaigne" overture, op. 40. |
| Number of part/section of a work | Elgar, E. W., Sir. "Cockaigne" overture, op. 40. |
| Linkage | A9161.1 |
| 710 2# - ADDED ENTRY--CORPORATE NAME | |
| Corporate name or jurisdiction name as entry element | London Philharmonic Orchestra. |
| Linkage | A9162.1 |
| 949 ## - LOCAL PROCESSING INFORMATION (OCLC) | |
| a | M1003 |
| w | lcc |
| i | -64922 |
| m | MAIN |
| t | BOOK |
| l | ON-SHELF |
No items available.